Pāratap peṇ / (Record no. 57349)

MARC details
000 -LEADER
fixed length control field 00604cam a22002291a 4500
001 - CONTROL NUMBER
control field sa 64002522
003 - CONTROL NUMBER IDENTIFIER
control field DLC
005 - DATE AND TIME OF LATEST TRANSACTION
control field 20260227112010.0
008 - FIXED-LENGTH DATA ELEMENTS--GENERAL INFORMATION
fixed length control field 890713s1963 ii 000 0 tamo
010 ## - LIBRARY OF CONGRESS CONTROL NUMBER
LC control number sa 64002522
035 ## - SYSTEM CONTROL NUMBER
System control number (OCoLC)20006633
040 ## - CATALOGING SOURCE
Original cataloging agency DLC
Transcribing agency WaU
Modifying agency DLC
042 ## - AUTHENTICATION CODE
Authentication code premarc
043 ## - GEOGRAPHIC AREA CODE
Geographic area code a-ii---
050 00 - LIBRARY OF CONGRESS CALL NUMBER
Classification number DS422.W8
Item number S4
100 2# - MAIN ENTRY--PERSONAL NAME
Personal name Cētu Ammāḷ, Ku. Pa.
245 10 - TITLE STATEMENT
Title Pāratap peṇ /
Statement of responsibility, etc. Ku. Pa. Cētu Ammāḷ.
260 ## - PUBLICATION, DISTRIBUTION, ETC.
Place of publication, distribution, etc. Cen̲n̲ai :
Name of publisher, distributor, etc. Vān̲ati Patippakam,
Date of publication, distribution, etc. 1963.
300 ## - PHYSICAL DESCRIPTION
Extent 110 p. ;
Dimensions 19 cm.
500 ## - GENERAL NOTE
General note In Tamil.
650 #0 - SUBJECT ADDED ENTRY--TOPICAL TERM
Topical term or geographic name entry element Women
Geographic subdivision India
Form subdivision Biography.

No items available.

Powered by Koha